हमारे कवि : (Record no. 121334)

MARC details
000 -LEADER
fixed length control field 01267nam a22002537a 4500
005 - DATE AND TIME OF LATEST TRANSACTION
control field 20170124103211.0
010 ## - LIBRARY OF CONGRESS CONTROL NUMBER
LC control number A-665560
020 ## - INTERNATIONAL STANDARD BOOK NUMBER
Terms of availability 00.00
035 ## - SYSTEM CONTROL NUMBER
System control number A-665560
037 ## - SOURCE OF ACQUISITION
Source of stock number/acquisition Cen Lib/Ret
040 ## - CATALOGING SOURCE
Original cataloging agency DPL
Language of cataloging HN
082 ## - DEWEY DECIMAL CLASSIFICATION NUMBER
Classification number 821.08
Item number गौड़रा
100 ## - MAIN ENTRY--PERSONAL NAME
Personal name गौड़, राजेंद्रसिंह
9 (RLIN) 42506
245 ## - TITLE STATEMENT
Title हमारे कवि :
Statement of responsibility, etc राजेंद्रसिंह गौड़
Remainder of title हिंदी के प्रसिद्ध ४६ कवियों का जीवन परिचय और काव्य की आलोचना /
246 ## - VARYING FORM OF TITLE
Title proper/short title Hamare kavi : hindi ke 46 prasiddh kaviyon ka jeevan parichay aur kavya ki alochana ,
Remainder of title by Rajendrasingh Gaud
260 ## - PUBLICATION, DISTRIBUTION, ETC. (IMPRINT)
Place of publication, distribution, etc इलाहाबाद
Name of publisher, distributor, etc साहित्य भवन
Date of publication, distribution, etc 1993
270 ## - ADDRESS
City इलाहाबाद
Address जीरोरोड
Postal code 299003
300 ## - PHYSICAL DESCRIPTION
Extent 348पृ.
Dimensions 18सेमी(सजिल्द )
650 ## - SUBJECT ADDED ENTRY--TOPICAL TERM
Topical term or geographic name as entry element साहित्य-- जीवन परिचय
General subdivision
Geographic subdivision
9 (RLIN) 96582
650 ## - SUBJECT ADDED ENTRY--TOPICAL TERM
Topical term or geographic name as entry element हिंदी -- काव्य आलोचना
9 (RLIN) 96583
650 ## - SUBJECT ADDED ENTRY--TOPICAL TERM
Topical term or geographic name as entry element Litarature-- biography
9 (RLIN) 96584
650 ## - SUBJECT ADDED ENTRY--TOPICAL TERM
Topical term or geographic name as entry element Hindi - Poetry Criticism
9 (RLIN) 84678
942 ## - ADDED ENTRY ELEMENTS (KOHA)
Source of classification or shelving scheme Dewey Decimal Classification
Koha item type Hindi Books
Classification part 821.08
Call number suffix गौड़रा
Holdings
Withdrawn status Lost status Damaged status Not for loan Home library Current library Date acquired Source of acquisition Cost, normal purchase price Total Checkouts Full call number Barcode Date last seen Copy number Cost, replacement price Price effective from Koha item type
        Central Library Central Library 05/10/2015 Cen Lib/Ref 0.00   821.08 गौड़रा A-665560 05/10/2015 1 0.00 05/10/2015 Hindi Books

© Delhi Public Library
Hit Counter
free hit counter